Interní komunikace ve firmě
Gespeichert in:
| 1. Verfasser: | |
|---|---|
| Format: | Buch |
| Sprache: | Tschechisch |
| Veröffentlicht: |
Brno :
Computer Press,
2006
|
| Ausgabe: | 1. vyd |
| Schlagworte: | |
| Tags: |
Keine Tags, Fügen Sie das erste Tag hinzu!
|
MARC
| LEADER | 00000nam a22000003a 4500 | ||
|---|---|---|---|
| 001 | stu140162 | ||
| 005 | 20150617225929.8 | ||
| 008 | 070418s2006----xr------------------cze-d | ||
| 020 | |a 80-251-1250-0 | ||
| 040 | |a STU |b slo | ||
| 041 | 0 | |a cze | |
| 044 | |a xr | ||
| 080 | |a 65 | ||
| 080 | |a 005.57 |7 stu_us_auth*stu622 | ||
| 100 | 1 | |a Holá, Jana |4 aut | |
| 245 | 1 | |a Interní komunikace ve firmě | |
| 250 | |a 1. vyd | ||
| 260 | |a Brno : |b Computer Press, |c 2006 | ||
| 300 | |a 170 s | ||
| 650 | 7 | |a manažérska komunikácia |2 stusub | |
| 650 | 7 | |a firemná kultúra |2 stusub | |
| 996 | |b 284M076045 |c M*12120-3 |l MMKN |s A |a 24 |w stu140162_0001 | ||
| 996 | |b 284M076043 |c M*12120-1 |l MMKN |s A |a 24 |w stu140162_0002 | ||
| 996 | |b 284M076044 |c M*12120-2 |l MMKN |s A |a 24 |w stu140162_0003 | ||